000 00878nam a2200265 a 4500
001 BRL_1549
005 20190320211246.0
008 030314s1974----mx-#######---#000-0#spa-#
041 _aspa
044 _amx
050 4 _aF1210
_b.L46 1974
100 1 _aLeonard, Irving A.
_d1896-1996
_q(Irving Albert)
_927243
245 1 0 _aLa época barroca en el México colonial
_cIrving A. Leonard ; traducción de Agustín Escurdia.
260 _aMéxico
_bFondo de Cultura Económica
_c1974
300 _a331 p.
_c17 cm.
440 0 _aColección popular
_v129
_927244
500 _aAu1821
500 _aTraducción de: Baroque times in old Mexico
504 _aBibliografía: p. 327-331
651 4 _aMéxico
_xHistoria
_yColonia, 1540-1810
_9208
651 4 _aMéxico
_xVida social y costumbres
_9769
700 1 _aEscurdia, Agustín
_etr.
_927245
902 _aGRL
942 _2lcc
_cB
999 _c10358
_d10358